000 00645nam a22002057a 4500
999 _c14663
_d14663
003 AR-CdUCM
008 190424b ||||| |||| 00| 0 spa d
020 _a978-9974-738-02-7
040 _aMUNICIPALIDAD PROVINCIAL DEL CUSCO
_cBIBLIOTECA MUNICIPAL DEL CUSCO
041 _heng
082 _aPI / 376.1 /
_bL28
110 _aLatinbooks international
_932792
245 _aAlex se va a la luna /
260 _aMontevideo :
_bLatinbooks,
_c2016.
300 _a6 páginas ;
_bIlustraciones,
_c18 cm.
650 _aLiteratura infantil
_9588
700 _aSalama B.,Moisés (traducción)
_933523
942 _2ddc
_cLIBROS
945 _aacv
_d2019-04-24